|
|
|
|
| LEADER |
02332nam a2200541 i 4500 |
| 001 |
nkc20162774307 |
| 003 |
CZ PrNK |
| 005 |
20160912150626.0 |
| 007 |
ta |
| 008 |
160822s2016 xr a e f 000 0 cze |
| 015 |
|
|
|a cnb002774307
|
| 020 |
|
|
|a 978-80-02-02637-2
|q (Český svaz vědeckotechnických společností ;
|q brožováno) :
|c neprodejné
|
| 035 |
|
|
|a (OCoLC)958227538
|
| 040 |
|
|
|a ABA001
|b cze
|e rda
|
| 041 |
1 |
|
|a cze
|h eng
|
| 072 |
|
7 |
|a 005
|x Management. Řízení
|2 Konspekt
|9 4
|
| 080 |
|
|
|a 334.012.63/.64
|2 MRF
|
| 080 |
|
|
|a 005.35
|2 MRF
|
| 080 |
|
|
|a (035)
|2 MRF
|
| 130 |
0 |
|
|a Tips and tricks for advisors: corporate social responsibility for small and medium-sized enterprises.
|l Česky
|
| 245 |
1 |
0 |
|a Tipy a triky - společenská odpovědnost pro malé a střední podniky /
|c český překlad a odpovědnost: Národní středisko podpory kvality a Asociace společenské odpovědnosti
|
| 250 |
|
|
|a Aktualizované vydání
|
| 264 |
|
1 |
|a Praha :
|b Národní informační středisko podpory kvality,
|c 2016
|
| 300 |
|
|
|a 34 stran :
|b barevné ilustrace ;
|c 21 cm +
|e skládanka origami (1 dvoulist)
|
| 336 |
|
|
|a text
|b txt
|2 rdacontent
|
| 337 |
|
|
|a bez média
|b n
|2 rdamedia
|
| 338 |
|
|
|a svazek
|b nc
|2 rdacarrier
|
| 500 |
|
|
|a Přeloženo z angličtiny
|
| 500 |
|
|
|a Název z obálky
|
| 500 |
|
|
|a Na obálce označení: 59
|
| 500 |
|
|
|a Vydáno ve spolupráci s Asociací společenské odpovědnosti
|
| 500 |
|
|
|a Příloha všita doprostřed publikace
|
| 500 |
|
|
|a V tiráži uvedeno: 2., aktualizované vydání
|
| 500 |
|
|
|a 500 výtisků
|
| 650 |
0 |
7 |
|a malé a střední podniky
|7 ph115211
|2 czenas
|
| 650 |
0 |
7 |
|a společenská odpovědnost firem
|7 ph257195
|2 czenas
|
| 650 |
0 |
9 |
|a small and medium-sized enterprises
|2 eczenas
|
| 650 |
0 |
9 |
|a corporate social responsibility
|2 eczenas
|
| 655 |
|
7 |
|a příručky
|7 fd133209
|2 czenas
|
| 655 |
|
9 |
|a handbooks and manuals
|2 eczenas
|
| 710 |
2 |
|
|a Národní informační středisko pro podporu jakosti
|7 kn20020418030
|4 trl
|4 isb
|
| 710 |
2 |
|
|a Asociace společenské odpovědnosti
|7 pna2014809131
|4 trl
|4 isb
|
| 910 |
2 |
|
|a BOA001
|b 2-1372.810
|
| 928 |
9 |
|
|a Asociace společenské odpovědnosti
|
| 990 |
|
|
|a BK
|
| 995 |
|
|
|a 01
|
| 991 |
|
|
|b 201609
|c NOV
|
| 996 |
6 |
|
|b 2610680723
|c 2-1372.810
|l MZK
|r Sklad / do 1 hodiny
|n 10
|p p.v.
|w 001577519
|u 000010
|a 1
|e BOA001
|j MZK50
|s P
|